| 000 | 01382pam a2200325 a 4500 | ||
|---|---|---|---|
| 001 | 3906489 | ||
| 005 | 19910805150030.1 | ||
| 008 | 910801s1992 moua b 001 0 eng c | ||
| 010 | _a 91029930 | ||
| 020 | _a0323037429 | ||
| 020 | _a9780323037426 | ||
| 040 |
_aDNLM/DLC _cDLC _dDLC |
||
| 050 | 1 | 0 |
_aRT41 _b.M488 1992 |
| 060 | _aWY 100 M489 | ||
| 082 | 0 | 0 |
_a610.73 _220 _bMED |
| 245 | 0 | 0 |
_aMedical-Surgical Nursing : _bAssessment and Management of Clinical Problems / _c[edited by] Sharon Mantik Lewis...[et. al.]. |
| 250 | _a7th ed. | ||
| 260 |
_aPhiladelphia : _bMosby Elsevier, _cc2007. |
||
| 300 |
_a556 p. : _bill. ; _c28 cm. + _e1 CD-ROM (4 3/4 in.) |
||
| 504 | _aIncludes bibliographical references and index. | ||
| 650 | 0 |
_aNursing. _920386 |
|
| 650 | 0 |
_aSurgical nursing. _920387 |
|
| 650 | 2 |
_aNursing Assessment. _920388 |
|
| 650 | 2 |
_aNursing Care. _920389 |
|
| 700 | 1 |
_aLewis, Sharon Mantik. _920390 |
|
| 942 |
_2ddc _cNRB |
||
| 999 |
_c10878 _d10878 |
||